El nuevo horizonte del derecho procesal (Record no. 137505)

MARC details
000 -LEADER
fixed length control field 00682cam a2200217 4500
005 - DATE AND TIME OF LATEST TRANSACTION
control field 20260206095047.0
008 - FIXED-LENGTH DATA ELEMENTS--GENERAL INFORMATION
fixed length control field 081124s2005 ag 000 0 spa u
020 ## - INTERNATIONAL STANDARD BOOK NUMBER
International Standard Book Number 9507276866
050 04 - LIBRARY OF CONGRESS CALL NUMBER
Classification number KHA2569
Item number M67 2005
100 1# - MAIN ENTRY--PERSONAL NAME
Personal name Morello, Augusto M.,
Dates associated with a name 1926-
Fuller form of name Morello, Augusto Mario
245 13 - TITLE STATEMENT
Title El nuevo horizonte del derecho procesal
Statement of responsibility, etc / Augusto M. Morello.
250 ## - EDITION STATEMENT
Edition statement 1a ed.
260 ## - PUBLICATION, DISTRIBUTION, ETC. (IMPRINT)
Place of publication, distribution, etc Buenos Aires :
Name of publisher, distributor, etc Rubinzal-Culzoni Editores,
Date of publication, distribution, etc 2005
300 ## - PHYSICAL DESCRIPTION
Extent 763 p. ;
Dimensions 23 cm.
500 ## - GENERAL NOTE
General note Incluye índice
504 ## - BIBLIOGRAPHY, ETC. NOTE
Bibliography, etc
506 ## - RESTRICTIONS ON ACCESS NOTE
Terms governing access Pifi 2006
650 #7 - SUBJECT ADDED ENTRY--TOPICAL TERM
Source of heading or term lemb
Topical term or geographic name as entry element Derecho procesal
Geographic subdivision Argentina
650 #7 - SUBJECT ADDED ENTRY--TOPICAL TERM
Source of heading or term lemb
Topical term or geographic name as entry element Procedimiento civil
Geographic subdivision Argentina
942 ## - ADDED ENTRY ELEMENTS (KOHA)
Source of classification or shelving scheme Biblioteca del Cogreso de los Estados Unidos
Koha item type Libro
Holdings
Estado de pérdida Fuente de clasificación Estado del daño No para préstamo Ubicación permanente Ubicación actual Apartado o colección Fecha de adquisición Edición Área del conocimiento Total Checkouts Clasificación Código de Barras Date last seen Date checked out Número de copia Costo por reposición Tipo de recurso
  Biblioteca del Cogreso de los Estados Unidos     Biblioteca de la Facultad de Derecho y Ciencias Sociales "Felipe J. Tena" Biblioteca de la Facultad de Derecho y Ciencias Sociales "Felipe J. Tena" General 06/08/2021 1a ed. Ciencias Sociales y Administrativas 1 KHA2569 M67 2005 BFD000012490 25/10/2025 25/10/2025 1 1.00 Libro